Rhymes With One Syllable Countries - Statistics

General Stats
  • This quiz has been taken 221 times
  • The average score is 61 of 69
Answer Stats
Hint Answer % Correct
B Bad
99%
D Dad
99%
H Had
99%
L Lad
99%
L Lance
99%
M Mad
99%
P Pad
99%
P Pain
99%
R Rain
99%
D Dance
98%
M Main
98%
R Rad
98%
T Tad
98%
F Fad
97%
G Gain
97%
G Glance
97%
S Sad
97%
G Glad
96%
L Lane
96%
L Lease
96%
M Mane
96%
B Brain
95%
A Add
94%
P Prance
93%
S Stance
93%
T Trance
93%
W Wane
93%
N Niece
92%
P Peace
92%
S Sane
92%
C Chance
91%
C Crane
91%
V Vain
91%
C Cane
90%
C Crease
90%
D Dane
90%
D Drain
90%
G Grain
90%
G Grease
90%
P Pane
90%
V Vein
90%
B Bane
89%
C Clad
89%
F Fleece
89%
S Stain
89%
C Cad
88%
G Grad
88%
P Piece
88%
P Plain
88%
S Slain
88%
V Vane
88%
G Geese
87%
T Train
87%
R Reign
86%
C Chain
84%
H House
84%
M Mouse
84%
D Douse
83%
L Louse
81%
P Plane
81%
P Plaid
78%
F Feign
75%
S Strain
74%
G Grouse
73%
C Cease
72%
B Blouse
68%
S Spouse
63%
S Sprain
61%
M Maine
57%
No matching quizzes found
Score Distribution
Percent of People with Each Score
Percentile by Number Answered
Your Score History
You have not taken this quiz